1495 1702 1362 1479 1853 1611 1981 1161 1394 1021 1562 1930 1899 1271 1128 1305 1997 1299 1023 1181 1329 1630 1834 1668 1009 1898 1926 1147 1598 1674 1980 1349 1986 1334 1426 1885 1308 1065 1306 1369 1422 1888 1094 1171 1454 1418 1823 1410 1416 1818 1260 1598 1217 1710 1397 1839 1346 1166 1762 1132 1182 1650 1317 1814 1804 1575 1333 1632 1837 1072 1421 1052 1638 1206 1556 1615 1889 1744 1324 1940 1189 1192 1688 1072 1166 1760 1057 1353 1030 1095 1898 1326 1975 1993 1628 1427 1447 1340 1443 BCNSPRNW ULIB Ver.6.0+V

เปลี่ยนเป็นภาษาไทย

Change to English
 แสดงรายละเอียดบรรณานุกรม
  กลับหน้าหลัก

Brief Record : Get Marc (ISO 2709) : E-mail record : QR code < ปิดหน้าต่าง
LEADER : 00000nam 2200000uu 4500
001    13399112228
003     ULIB
008    110801s2546||||th 000 0 tha d
020    9749535154
050 04 HD69^bพ479ก 2546
100 0  พสุ เดชะรินทร์
245 10 กลยุทธ์ใหม่ในการจัดการ /^cพสุ เดชะรินทร์
246 31 Retooling the new strategy
260    กรุงเทพฯ :^bบริษัทฮาซัน พริ้นติ้ง,^c2546
300    247 หน้า ;^c21 ซม
505 2  เครื่องมือและนักคิดทางด้านการจัดการ --องค์กรล้มเหลวและสำเร็จเพราะอะไร -- การวางแผนกลยุทธ์ -- Strategic thinking -- Balanced scorecard -- Performance management -- Knowledge management -- ผู้บริหารกับการเปลี่ยนแปลง
650  7 การจัดการ
650  7 การบริหารธุรกิจ
650  7 การจัดการองค์การ
710 2  จุฬาลงกรณ์มหาวิทยาลัย.^bภาควิชาพาณิชยศาสตร์
945    ^p180^l0^i020289
999 ^a ทศพร
รายการนี้ยังไม่มีแท็ก
คุณยังไม่ได้ล็อกอิน คุณสามารถมีกิจกรรมร่วมกับเว็บไซต์ได้ แต่ต้องล็อกอินก่อน ::
  ล็อกอิน

รายการสื่อสารสนเทศ

ลำดับที่ ประเภท เลขเรียก/บาร์โค้ด สถานที่ สถานะ
- ไม่พบข้อมูล -

รายการใกล้เคียง
    หัวเรื่อง [การจัดการ]
    หัวเรื่อง [การบริหารธุรกิจ]
    หัวเรื่อง [การจัดการองค์การ]

BibComment


ยังไม่เคยถูกคอมเมนท์

คอมเมนท์ทรัพยากรรายการนี้
  คอมเมนท์: กลยุทธ์ใหม่ในการจ..


 Copyright 2026. Bcnsprnw @Library